La regulación y la autorregulación de los aprendizajes ; Estrategias y técnicas para la gestión social del aula

Gardado en:
Detalles Bibliográficos
Autor Principal: Jorba, Jaume.,ed
Outros autores: Casellas, Ester.,ed
Formato: Libro
Idioma:Lingua castelá
Publicado: Madrid Síntesis 1997
Subjects:
Tags: Engadir etiqueta
Sen Etiquetas, Sexa o primeiro en etiquetar este rexistro!

MARC

LEADER 00000nam a22000005a 4500
003 CL-ChBUA
005 20120815095526.0
008 110818s1997 sp ||||| |||| 000 ||spa
020 |a 8477384700 
040 |a CL-ChBUA  |c CL-ChBUA 
082 0 0 |a 371.1024 
090 |c 28551  |d 28551 
100 1 |a Jorba, Jaume.,ed. 
245 1 0 |a La regulación y la autorregulación de los aprendizajes ;  |b Estrategias y técnicas para la gestión social del aula 
260 |a Madrid  |b Síntesis  |c 1997 
300 |a 239 p.  |c 23 cm. 
504 |a índice, il. 
650 4 |a CONDUCCION DE CLASES 
650 4 |a METODOS DE ENSEÑANZA 
700 1 |a Casellas, Ester.,ed. 
942 |c LIB 
952 |0 0  |1 0  |2 ddc  |4 0  |6 371_102400000000000_R_344  |7 0  |9 67127  |a UNACH  |b UNACH  |c 300  |d 2011-08-18  |i 47.555  |l 6  |m 3  |o 371.1024 / R 344  |p 68259  |q 2026-04-15  |r 2026-03-25 13:47:36  |s 2026-03-25  |u 67127  |w 2012-08-08  |y LIB 
999 |c 28551  |d 28551